Statistics for Czech Republic in Eurovision - 12 points

Click here to take the quiz!

General Stats

  • This quiz has been taken 11 times
    (6 since last reset)
  • The average score is 28 of 35

Answer Stats

HintAnswer% Correct
2017 (Jury)Portugal
100%
2021 (Jury)Portugal
100%
2021 SF (Jury)Portugal
100%
2023 (Televote)Ukraine
100%
2008 SFUkraine
100%
2023 (Jury)Ukraine
100%
2022 (Televote)Ukraine
100%
2018 (Televote)Ukraine
100%
2016 (Televote)Ukraine
100%
2007Ukraine
100%
2022 (Jury)United Kingdom
100%
2023 SF (Televote)Israel
83%
2018 (Jury)Israel
83%
2018 SF (Jury)Israel
83%
2018 SF (Televote)Israel
83%
2019 (Televote)Russia
83%
2022 SF (Jury)Sweden
83%
2016 (Jury)Sweden
83%
2019 (Jury)Sweden
83%
2015 SFSweden
83%
2008Armenia
67%
2016 SF (Televote)Armenia
67%
2009 SFArmenia
67%
2009Armenia
67%
2017 SF (Televote)Azerbaijan
67%
2015Azerbaijan
67%
2017 (Televote)Bulgaria
67%
2016 SF (Jury)Hungary
67%
2021 SF (Televote)Moldova
67%
2021 (Televote)Moldova
67%
2022 SF (Televote)Serbia
67%
2007 SFSerbia
67%
2019 SF (Jury)Slovenia
67%
2017 SF (Jury)Australia
50%
2019 SF (Televote)San Marino
33%

Score Distribution

Percentile by Number Answered

Percent of People with Each Score

Your Score History

You have not taken this quiz since the last reset